00588nam a2200181 a 4500008004100000020001500041050001900056100003400075245004500109260003600154300002300190350000900213490003900222500007200261650001200333700003000345700003100375120416s1977 ||||||||||||||||| || u a0471187577 aHF 5438.25 Cri aCrissy, William Joseph Elliot10aSelling: the personal force in marketing aNew York:bWiley/Hamiltonc1977 a(xii), 491p.: ill. a0.00 aWiley/Hamilton series in marketing a"A Wiley/Hamilton publication." -Includes bibliographies and index. 0aSELLING aCunningham, Isabella C. M aCunningham, William Hughes